000 04215nab a2200361 i 4500
003 BR-BrBNA
005 20260223173932.0
008 260223b2017 bl.qr|pooa||| 00| 0 eng |
040 _aBR-BrBNA
_beng
072 _aF20
_b2320
072 _aH01
_b4120
100 _aBenchimol, Ruth Linda
100 _aSutton, John Clifford
100 _aBastos, Cleber Novais
100 _aSilva, Carina Melo da
100 _aDias-Filho, Moacyr Bernardino
245 _aBy-products of Piper aduncum in the control of fusariosis in black pepper plant
500 _a Publicação online; 20 ref.; 6 illus.; Summaries (En, Pt)
520 _a ABSTRACT - Fusariosis (Fusarium solani f.sp. piperis) is one of the most damaging diseases of black pepper crop in the Amazon zone and the application of organic materials to the soil may be an alternative to control this disease. Leaf residues of Piper aduncum were evaluated before and after the extraction of essential oil, as additives to the soil inoculated with Fusarium solani, in the survival and morphophysiological behavior of black pepper seedlings. The experiments were conducted at Embrapa Eastern Amazônia, Belém, PA. The effects of the by-products of the distillation of the essential oil of P. aduncum on the survival to fusariosis in black pepper seedlings and the effect of dry and crushed leaves of P. aduncum, preincubated in the soil, in the incidence of fusariosis and in the behavior of black pepper seedlings were evaluated. The addition of solid residues from P. aduncum oil extraction to the soil increased the survival of seedlings by 80% and in the presence of dry and crushed leaves of P. aduncum the survival was 83%. The net photosynthesis of the seedlings increased in the presence of residues of P. aduncum. The residues from the extraction of the essential oil of P. aduncum and its dry and crushed leaves, without oil extraction, have potential for use in the control of fusariosis in black pepper plants. Key words: Fusarium solani f. sp. piperis; Piper nigrum; residues from essential oil extraction
520 _a RESUMO - A fusariose (Fusarium solani f. sp. piperis) é uma das doenças mais prejudiciais à cultura da pimenteira-do-reino na Amazônia e a aplicação de materiais orgânicos no solo pode ser uma alternativa de controle dessa doença. Avaliou-se os resíduos foliares de Piper aduncum, antes e após a extração do óleo essencial, como aditivos ao solo inoculado com Fusarium solani, na sobrevivência e no comportamento morfofisiológico de mudas de pimenteira-do-reino. Os experimentos foram conduzidos na Embrapa Amazônia Oriental, Belém, PA. Foram avaliados os subprodutos da destilação do óleo essencial de P. aduncum na sobrevivência de mudas de pimenteira-do-reino à fusariose e o efeito de folhas secas e trituradas de P. aduncum, pré-incubadas no solo, na incidência de fusariose e no comportamento de mudas de pimenteira-do-reino. A adição de resíduos sólidos da extração de óleo de P. aduncum ao solo aumentou a sobrevivência de mudas à fusariose em 80% e na presença de folhas secas e trituradas de P. aduncum o incremento médio na sobrevivência foi de 83%. A fotossíntese líquida das mudas aumentou na presença dos resíduos de P. aduncum. Os resíduos da extração do óleo essencial de P. aduncum e de suas folhas secas e trituradas, sem extração do óleo, tem potencial de uso no controle da fusariose da pimenteira-do-reino. Palavras-chave: Fusarium solani f. sp. piperis; Piper nigrum; resíduos da extração de óleo essencial
650 _aPIMENTA-D0-REINO
650 _aMUDA
650 _aDOENÇA DE PLANTA
650 _aFUSARIOSE
650 _aÓLEO ESSENCIAL
650 _aEXTRAÇÃO
650 _aRESÍDUO
650 _aDEFESA VEGETAL
773 0 _04656
_9360167
_dRecife-PE Universidade Federal Rural de Pernambuco 2006
_o2026-0555
_tRevista Brasileira de Ciências Agrárias (Brazil)
_x1981-1160
_gv. 12(3) p. 303-308; (2017)
_wBR2025005582
856 _uhttp://www.agraria.pro.br/ojs32/index.php/RBCA/article/view/v12i3a5453/412
942 _cANA
999 _c340143
_d340143